Statistics for Biggest Whale Species

Click here to take the quiz!

General Stats

  • This quiz has been taken 30 times
  • The average score is 8 of 10

Answer Stats

Lenght (Feet | Meters)Whale% Correct
98 |30Blue Whale
100%
67 | 20.5Sperm Whale
96%
52 | 16Humpback Whale
92%
49 | 15Gray Whale
83%
60 | 18.3Right Whale
79%
52 | 16Sei Whale
75%
90 | 27.5Fin Whale
71%
35 | 10.5Minke Whale
71%
59 | 18Bowhead Whale
67%
46 | 14Bryde Whale
50%

Score Distribution

Percentile by Number Answered

Percent of People with Each Score

Your Score History

You have not taken this quiz